Statistiques concernant Les 20 meilleures nations au football féminin

Cliquez ici pour prendre le quiz!

Statistiques générales

  • Ce quiz a été pris 50 fois
  • Le résultat moyen est 16 sur 20

Statistiques - réponses

ScorePays% Correct
1862Espagne
97%
2140Etats-Unis
97%
2041France
97%
2109Allemagne
95%
1961Brésil
95%
1854Italie
95%
2030Angleterre
90%
2031Canada
90%
1892Chine
90%
1982Japon
90%
1927Norvège
90%
1977Suède
90%
1848Suisse
82%
1984Australie
79%
1903Pays-Bas
77%
1847Corée du Sud
69%
1861Danemark
69%
1846Nouvelle-Zélande
54%
1831Islande
36%
1952Corée du Nord
23%

Distribution des résultats

Percentile par nombre de réponses

% des personnes avec chaque résultat

Votre développement - résultats

Vous n’avez pas pris ce quiz